000 00449 a2200145 4500
005 20250429133352.0
020 _a81-259-1238-X
082 _a001. 644 RAJ
100 _aRAJESH, R. S.
245 _aComputer Networks: Fundamentals and Applications
260 _aNew Delhi,
_bVikas Publishing House PVT LTD,
_c2005.
300 _axv, 245p.: ill.; figure, table.
_bIndex.
_c25cm.
700 _aEASWARAKUMAR, K. S. & BALASUBRAMANIAN, R.
942 _2ddc
_cBKS
999 _c1771
_d1771